| 000 | 00917 a2200229 4500 | ||
|---|---|---|---|
| 999 |
_c6211 _d6211 |
||
| 020 | _a9781600610837 (pbk. : alk. paper) | ||
| 020 | _a1600610838 (pbk. : alk. paper) | ||
| 050 | 0 | 0 | _aTT560 ENG 2009 |
| 100 | 1 |
_aEng, Diana. _eauthor |
|
| 245 | 1 | 0 |
_aFashion geek : _bclothing, accessories, tech / _cDiana Eng. |
| 250 | _a1st ed. | ||
| 264 |
_aCincinnati, Ohio : _bNorth Light Books, _c2009. |
||
| 300 |
_a128 p. : _bill. (chiefly col.) ; |
||
| 500 | _aIncludes index. | ||
| 650 | 0 |
_aDress accessories _xTechnological innovations. |
|
| 650 | 0 |
_aClothing and dress _xTechnological innovations. |
|
| 650 | 0 | _aSewing. | |
| 650 | 0 | _aLight-emitting diodes | |
| 650 | 0 | _aElectronics | |
| 942 |
_2lcc _cBK _e1st ed. _h560 _iENG _kTT |
||